Vzory pracovnoprávnych podaní
Uložené v:
| Médium: | Kniha |
|---|---|
| Jazyk: | Slovak |
| Vydavateľské údaje: |
Bratislava
Práca
1971
|
| Edícia: | Knižnica mzdových a pracovnoprávnych príručiek
zv. 7/71 |
| Tagy: |
Žiadne tagy, Buďte prvý, kto otaguje tento záznam!
|
MARC
| LEADER | 00000nam a2200000 4500 | ||
|---|---|---|---|
| 001 | c121539 | ||
| 005 | 20050301104058.7 | ||
| 041 | 0 | |a slo | |
| 044 | |a SK | ||
| 245 | 1 | 0 | |a Vzory pracovnoprávnych podaní |
| 264 | 1 | |a Bratislava |b Práca |c 1971 | |
| 300 | |a 186 s. | ||
| 490 | 1 | |a Knižnica mzdových a pracovnoprávnych príručiek |v zv. 7/71 | |
| 830 | 0 | |a Knižnica mzdových a pracovnoprávnych príručiek |v zv. 7/71 | |